| 000 | nam a22 a 4500 | ||
|---|---|---|---|
| 999 |
_c444321 _d444321 |
||
| 003 | BLK | ||
| 005 | 20220209140020.0 | ||
| 008 | 220209b bu |||||r|||| 00| | bu d | ||
| 040 | _aBLK | ||
| 041 |
_aBUL _cBUL |
||
| 080 |
_aСтъкларска и керамична промишленост. Изкуствени камъни. Цимент _b666 _z666 |
||
| 100 |
_9305435 _aНечев, Иван _eпърви автор |
||
| 139 | _aНечев, Иван | ||
| 245 |
_aЧелници във вародобива _cИван Нечев |
||
| 260 |
_9210729 _aСофия _bПрофиздат _c1957 |
||
| 300 |
_a28 с. _c16 см |
||
| 380 | _a62 | ||
| 490 |
_9207979 _aНашите социалистически предприятия |
||
| 650 | 0 |
_9423485 _aВар |
|
| 653 | 7 |
_9197612 _aстроителни материали |
|
| 653 | 7 |
_9182890 _aвар |
|
| 852 |
_aЦб I 1709 _bО |
||
| 942 |
_cKNG _n0 _s1 |
||
| 944 |
_aCR _c2022-02-09 _kХристина Везирева |
||